| 000 | 00726nam a2200241Ia 4500 | ||
|---|---|---|---|
| 003 | OSt | ||
| 005 | 20220924115124.0 | ||
| 006 | a|||||r|||| 00| 0 | ||
| 007 | ta | ||
| 008 | 220923b |||||||| |||| 00| 0 san d | ||
| 024 | _a9083 | ||
| 037 | _cTextual | ||
| 040 |
_aARTS _cARTS _bsan |
||
| 041 |
_2san _asan |
||
| 082 | _aB9:12, 15M1 | ||
| 100 |
_aUpadhyaya Gokulnath. _9176899 |
||
| 245 | 0 | _aMasmimansa grantha comm by sadashiva ed by Dharam Nath Jha and Ramsevak Sharma | |
| 260 |
_aDarbhanga _bKameshvar Singh Darbhanga Sanskrit Vishvavidalaya _c1981 |
||
| 300 |
_a41p _ccm. |
||
| 650 |
_aMATHEMATICS _92141 |
||
| 942 |
_hB9:12, 15M1 _cTEXL _2CC |
||
| 999 |
_c396852 _d396852 |
||